On baking : (Record no. 305479)
[ view plain ]
| 000 -LEADER | |
|---|---|
| fixed length control field | 00986nam a2200277Ia 4500 |
| 008 - FIXED-LENGTH DATA ELEMENTS--GENERAL INFORMATION | |
| fixed length control field | 170203s9999 xx 000 0 und d |
| 020 ## - INTERNATIONAL STANDARD BOOK NUMBER | |
| International Standard Book Number | 9789810697075 |
| 050 ## - LIBRARY OF CONGRESS CALL NUMBER | |
| Classification number | 664.02 |
| 050 ## - LIBRARY OF CONGRESS CALL NUMBER | |
| Item number | .L116o 2009 |
| 100 ## - MAIN ENTRY--PERSONAL NAME | |
| Personal name | Labensky, Sarah R. |
| 245 ## - TITLE STATEMENT | |
| Title | On baking : |
| 245 ## - TITLE STATEMENT | |
| Remainder of title | a textbook of baking and pastry fundamentals / |
| 245 ## - TITLE STATEMENT | |
| Statement of responsibility, etc | Sarah R. Labensky, with Priscilla Martel [and] Eddy Van Damme ; photographs by Richard Embery ; drawings by Stacey Winters Quattrone and William E. Ingram. |
| 250 ## - EDITION STATEMENT | |
| Edition statement | Second Edition. |
| 260 ## - PUBLICATION, DISTRIBUTION, ETC. (IMPRINT) | |
| Place of publication, distribution, etc | Upper Saddle River, N.J. : |
| 260 ## - PUBLICATION, DISTRIBUTION, ETC. (IMPRINT) | |
| Name of publisher, distributor, etc | Pearson/Prentice Hall, |
| 260 ## - PUBLICATION, DISTRIBUTION, ETC. (IMPRINT) | |
| Date of publication, distribution, etc | 2009 |
| 300 ## - PHYSICAL DESCRIPTION | |
| Extent | xxx, 830 page : |
| 300 ## - PHYSICAL DESCRIPTION | |
| Other physical details | ill. (some col.) ; |
| 300 ## - PHYSICAL DESCRIPTION | |
| Dimensions | 29 cm. |
| 500 ## - GENERAL NOTE | |
| General note | Previous ed. published with main entry under the heading for title. Includes bibliographical references and indexes. |
| 650 ## - SUBJECT ADDED ENTRY--TOPICAL TERM | |
| Topical term or geographic name as entry element | Pastry. |
| 650 ## - SUBJECT ADDED ENTRY--TOPICAL TERM | |
| Topical term or geographic name as entry element | Baking. |
| 700 ## - ADDED ENTRY--PERSONAL NAME | |
| Personal name | Martel, Priscilla, author. |
| 700 ## - ADDED ENTRY--PERSONAL NAME | |
| Personal name | Van Damme, Eddy, author. |
| Withdrawn status | Lost status | Damaged status | Home library | Current library | Shelving location | Date acquired | Total Checkouts | Full call number | Barcode | Date last seen | Price effective from | Koha item type |
|---|---|---|---|---|---|---|---|---|---|---|---|---|
| Stonyhurst Southville International School (Batangas) | Stonyhurst Southville International School (Batangas) | 02/03/2017 | 664.02 .L116o 2009 | US-1850 | 02/03/2017 | 02/03/2017 | Books |